The Andes / (Record no. 424)

MARC details
000 -LEADER
fixed length control field 00691nam a2200265 i 4500
005 - DATE AND TIME OF LATEST TRANSACTION
control field 20260322212019.0
008 - FIXED-LENGTH DATA ELEMENTS--GENERAL INFORMATION
fixed length control field data
010 ## - LIBRARY OF CONGRESS CONTROL NUMBER
LC control number 77362115
015 ## - NATIONAL BIBLIOGRAPHY NUMBER
National bibliography number Ne***
040 ## - CATALOGING SOURCE
Original cataloging agency DLC
Transcribing agency DLC
Modifying agency DLC
043 ## - GEOGRAPHIC AREA CODE
Geographic area code sn-----
050 00 - LIBRARY OF CONGRESS CALL NUMBER
Classification number QH111
Item number .M668
082 00 - DEWEY DECIMAL CLASSIFICATION NUMBER
Classification number 500.9/8
092 ## - LOCALLY ASSIGNED DEWEY CALL NUMBER (OCLC)
Classification number 500.9 M668 1975
001 - CONTROL NUMBER
control field data
245 04 - TITLE STATEMENT
Title The Andes /
Statement of responsibility, etc. edited by Tony Morrison & Time-Life Books.
260 ## - PUBLICATION, DISTRIBUTION, ETC.
Place of publication, distribution, etc. Amsterdam :
Name of publisher, distributor, etc. Time-Life Books,
Date of publication, distribution, etc. c1975.
300 ## - PHYSICAL DESCRIPTION
Extent 184 p. :
Other physical details col. ill. ;
Dimensions 26 cm.
490 0# - SERIES STATEMENT
Series statement The World's wild places
500 ## - GENERAL NOTE
General note Includes index.
504 ## - BIBLIOGRAPHY, ETC. NOTE
Bibliography, etc. note Bibliography: p. 180.
650 #0 - SUBJECT ADDED ENTRY--TOPICAL TERM
Topical term or geographic name entry element Natural history
Geographic subdivision Andes.
700 1# - ADDED ENTRY--PERSONAL NAME
Personal name Morrison, Tony.
710 2# - ADDED ENTRY--CORPORATE NAME
Corporate name or jurisdiction name as entry element Time-Life Books.
Holdings
Withdrawn status Lost status Damaged status Not for loan Home library Current library Shelving location Date acquired Total checkouts Full call number Barcode Date last seen Price effective from Koha item type
        Riverside Riverside General stacks 22/03/2026   500.9/8 BC0010435 22/03/2026 22/03/2026 Books